| 000 | nam a22 7a 4500 | ||
|---|---|---|---|
| 999 |
_c153623 _d153621 |
||
| 005 | 20200115114130.0 | ||
| 008 | 200115b ag ||||| |||| 00| 0 spa d | ||
| 020 | _a9871087373 | ||
| 050 | 0 | 4 |
_aKHA5591 _bV55 2005 |
| 100 | 1 | _aVillada, Jorge Luis | |
| 245 | 1 | 0 |
_aDelitos contra el honor _b/ Jorge Luis Villada |
| 250 | _a1a ed. | ||
| 260 |
_aArgentina : _bJurídica Nova tesis, _c2005 |
||
| 300 |
_a208 p. ; _c22 cm. |
||
| 504 | _aIncluye bibliografía e indice | ||
| 650 | 7 |
_2lemb _aDifamación _zArgentina |
|
| 650 | 7 |
_2lemb _aLibertad de expresión _zArgentina |
|
| 650 | 7 |
_2lemb _aHonor _zArgentina |
|
| 942 |
_2lcc _cLIB |
||